[Event "21. Intern. Travemünder Schach-Open"]
[Site "?"]
[Date "2004.12.28"]
[Round "3"]
[White "Elmali, Timur"]
[Black "Muse (GM), Mladen"]
[Result "0-1"]
[WhiteElo "2160"]
[BlackElo "2448"]
[PlyCount "64"]
[EventDate "2004.??.??"]

1. d4 g6 2. e4 Bg7 3. Nf3 d6 4. Bc4 Nf6 5. Qe2 c6 6. Bb3 e5 7. c3 Qe7 8. Nbd2
O-O 9. O-O Nbd7 10. Re1 Nh5 11. g3 Re8 12. a4 exd4 13. cxd4 c5 14. Bd5 cxd4 15.
Nb3 Nhf6 16. Qd1 Nxd5 17. exd5 Qf8 18. Nbxd4 Rxe1+ 19. Qxe1 Nb6 20. Qe4 Bd7 21.
a5 Na4 22. Bg5 Re8 23. Qc2 Rc8 24. Qe4 Nc5 25. Qh4 Re8 26. Re1 Rxe1+ 27. Nxe1
h6 28. Be3 Qe8 29. Nec2 g5 30. Qh5 Qe4 31. f3 Qxd5 32. h4 Ne6 0-1

[Event "21. Intern. Travemünder Schach-Open"]
[Site "?"]
[Date "2004.12.28"]
[Round "3"]
[White "Rudolf (FM), Henrik"]
[Black "Hesse, Jürgen"]
[Result "0-1"]
[WhiteElo "2322"]
[BlackElo "2136"]
[PlyCount "110"]
[EventDate "2004.??.??"]

1. e4 e5 2. Nf3 Nc6 3. Bb5 a6 4. Ba4 Nf6 5. O-O b5 6. Bb3 Be7 7. Re1 O-O 8. c3
d6 9. h3 Na5 10. Bc2 c5 11. d4 Qc7 12. Nbd2 Re8 13. Nf1 Nc6 14. d5 Nb8 15. a4
Qb6 16. b3 Nbd7 17. Bd3 c4 18. bxc4 bxa4 19. Rxa4 Nc5 20. Rb4 Qc7 21. Bc2 a5
22. Rb1 Ba6 23. N3d2 Nfd7 24. Qg4 Nb6 25. Ne3 Bf8 26. f4 exf4 27. Nf5 Bc8 28.
Nf3 Nxc4 29. Qxf4 Bxf5 30. Qxf5 g6 31. Qf4 Bg7 32. Nd4 f5 33. Qf1 Nxe4 34. Bxe4
Rxe4 35. Rxe4 fxe4 36. Ne6 Qa7+ 37. Kh1 Rc8 38. Bf4 Be5 39. Bxe5 Nxe5 40. Qf4
e3 41. Rf1 Qf7 42. Kg1 Qxf4 43. Rxf4 h6 44. Kf1 Rxc3 45. Ke2 g5 46. Rf6 Kh7 47.
Nd4 Nc4 48. Nf5 Rc2+ 49. Ke1 a4 50. Rxh6+ Kg8 51. Nd4 Rxg2 52. Kf1 Rf2+ 53. Ke1
Ne5 54. Rxd6 Nd3+ 55. Kd1 Rd2# 0-1

[Event "21. Intern. Travemünder Schach-Open"]
[Site "?"]
[Date "2004.12.28"]
[Round "3"]
[White "Pienski, Olaf"]
[Black "Boe (FM), Mads"]
[Result "0-1"]
[WhiteElo "2137"]
[BlackElo "2376"]
[PlyCount "86"]
[EventDate "2004.??.??"]

1. g3 f5 2. Bg2 Nf6 3. d4 e6 4. Nf3 Be7 5. O-O O-O 6. b3 d6 7. Bb2 Qe8 8. Nbd2
Nc6 9. Re1 Qh5 10. e4 fxe4 11. Nxe4 Nxe4 12. Rxe4 Bd7 13. c4 Bf6 14. Ne5 Qxd1+
15. Rxd1 Bc8 16. Ng4 Bd8 17. Ne3 Bf6 18. Ng4 Bd8 19. Ne3 Ne7 20. d5 exd5 21.
cxd5 Nf5 22. Nc2 Bd7 23. Nd4 Nxd4 24. Bxd4 a5 25. a3 Rf7 26. Rde1 Rc8 27. R4e3
Rb8 28. Ba7 Rc8 29. Bd4 Rf8 30. h4 Bf5 31. Rc1 h6 32. Rec3 Re8 33. Bb6 c5 34.
Bxd8 Rcxd8 35. b4 axb4 36. axb4 b6 37. bxc5 bxc5 38. Ra1 Ra8 39. Rca3 Re1+ 40.
Rxe1 Rxa3 41. Bf1 Kf7 42. Re3 Rxe3 43. fxe3 Kf6 0-1

[Event "21. Intern. Travemünder Schach-Open"]
[Site "?"]
[Date "2004.12.28"]
[Round "3"]
[White "Trisic, Alexandar"]
[Black "Siebel, Holger"]
[Result "1-0"]
[WhiteElo "2295"]
[BlackElo "1937"]
[PlyCount "82"]
[EventDate "2004.??.??"]

1. d4 Nf6 2. c4 e5 3. d5 Bb4+ 4. Bd2 Bxd2+ 5. Qxd2 d6 6. Nc3 Bf5 7. f3 Nbd7 8.
e4 Bg6 9. Bd3 Nc5 10. Bc2 a5 11. Nge2 Nfd7 12. Nd1 O-O 13. Ne3 Nf6 14. O-O Kh8
15. b3 b6 16. a3 Ng8 17. b4 Nb7 18. Qc3 f6 19. f4 Nh6 20. f5 Be8 21. g4 Nf7 22.
Kg2 h6 23. h4 Kh7 24. Ng1 Bd7 25. Nf3 Rh8 26. Kf2 Kg8 27. Rg1 Rh7 28. Ke2 Rh8
29. Nd1 Qe8 30. Nf2 Rh7 31. Rg3 Kh8 32. Nh3 Kg8 33. Kd2 Kf8 34. Rag1 Kg8 35.
Kc1 Kh8 36. Kb2 Kg8 37. Qd2 Kf8 38. g5 hxg5 39. hxg5 fxg5 40. Nhxg5 Nxg5 41.
Nxg5 Rh6 1-0

[Event "21. Intern. Travemünder Schach-Open"]
[Site "?"]
[Date "2004.12.28"]
[Round "3"]
[White "Holzhaus, Jens"]
[Black "Schippan, Bernhard"]
[Result "1/2-1/2"]
[WhiteElo "2027"]
[BlackElo "2287"]
[PlyCount "55"]
[EventDate "2004.??.??"]

1. e4 c5 2. c3 d5 3. exd5 Qxd5 4. d4 cxd4 5. cxd4 Nc6 6. Nf3 e5 7. Nc3 Bb4 8.
Be2 exd4 9. O-O Bxc3 10. bxc3 Nge7 11. cxd4 O-O 12. Be3 h6 13. Qa4 Be6 14. Rab1
Rab8 15. a3 b6 16. Rbc1 b5 17. Qc2 a6 18. Qd2 Qd7 19. Bd3 Na5 20. Bxh6 Nb3 21.
Qe3 Nd5 22. Qe4 Nf6 23. Qh4 Nxc1 24. Bxg7 Kxg7 25. Qg5+ Kh8 26. Qh6+ Kg8 27.
Qg5+ Kh8 28. Qh6+ 1/2-1/2

[Event "21. Intern. Travemünder Schach-Open"]
[Site "?"]
[Date "2004.12.28"]
[Round "3"]
[White "Baier, Johannes"]
[Black "Jacob, Gunnar"]
[Result "0-1"]
[WhiteElo "1969"]
[BlackElo "2283"]
[PlyCount "122"]
[EventDate "2004.??.??"]

1. e4 c5 2. Nf3 d6 3. d4 cxd4 4. Nxd4 Nf6 5. Nc3 a6 6. Be2 e5 7. Nb3 Be7 8. Be3
Be6 9. f4 exf4 10. Bxf4 Nc6 11. Qd2 d5 12. exd5 Nxd5 13. Nxd5 Qxd5 14. Qxd5
Bxd5 15. O-O O-O 16. Rad1 Be6 17. Bf3 Rac8 18. Bd6 Bxd6 19. Rxd6 Rfd8 20. Rfd1
Rxd6 21. Rxd6 Bxb3 22. Bxc6 bxc6 23. axb3 Kf8 24. Kf2 Ke7 25. Rd4 Rd8 26. Re4+
Kf6 27. Ke2 Rd6 28. Ra4 c5 29. b4 cxb4 30. Rxb4 Ke5 31. Rb7 Rg6 32. Kf3 Rf6+
33. Ke2 h5 34. c3 h4 35. b4 g5 36. b5 axb5 37. Rxb5+ Kf4 38. g3+ Kg4 39. c4 Ra6
40. Rd5 hxg3 41. hxg3 Ra2+ 42. Rd2 Ra4 43. Rc2 Kxg3 44. c5 Ra7 45. c6 Rc7 46.
Rc3+ Kf4 47. Kf2 f6 48. Rc5 Ke4 49. Kg3 Kd4 50. Rc1 Kd5 51. Rd1+ Kxc6 52. Kg4
Rd7 53. Re1 Rd4+ 54. Kf5 Rf4+ 55. Ke6 Kc5 56. Rd1 Kc4 57. Rd8 g4 58. Kf7 g3 59.
Rg8 Rf3 60. Kg6 g2 61. Kh5 Rh3+ 0-1

[Event "21. Intern. Travemünder Schach-Open"]
[Site "?"]
[Date "2004.12.28"]
[Round "3"]
[White "Laubsch, Bernd"]
[Black "Engelmann, Jakob"]
[Result "1-0"]
[WhiteElo "2276"]
[BlackElo "1912"]
[PlyCount "79"]
[EventDate "2004.??.??"]

1. e4 d5 2. exd5 Nf6 3. Nf3 Nxd5 4. d4 Bg4 5. h3 Bh5 6. g4 Bg6 7. Ne5 Nd7 8.
Nxg6 hxg6 9. Bg2 c6 10. c4 N5b6 11. Qe2 Qc7 12. Nc3 O-O-O 13. Be3 e5 14. d5 c5
15. a4 a5 16. Nb5 Qb8 17. b4 cxb4 18. Qf3 Bc5 19. Qxf7 Bxe3 20. fxe3 Nc5 21.
O-O Rd7 22. Qxg6 Nbxa4 23. Rxa4 Nxa4 24. Be4 Nc3 25. Nxc3 bxc3 26. Bf5 Qc7 27.
Qxg7 Re8 28. Rc1 b5 29. cxb5 Red8 30. b6 Qc5 31. Qxe5 Kb7 32. Bxd7 Rxd7 33.
Rxc3 Qb4 34. Rc7+ Rxc7 35. bxc7 Qe1+ 36. Kg2 a4 37. d6 a3 38. Qd5+ Kb6 39. c8=Q
Qe2+ 40. Kg3 1-0

[Event "21. Intern. Travemünder Schach-Open"]
[Site "?"]
[Date "2004.12.28"]
[Round "3"]
[White "Wemßen, Lothar"]
[Black "Degtiarev, Jewgeni"]
[Result "0-1"]
[WhiteElo "1909"]
[BlackElo "2272"]
[PlyCount "80"]
[EventDate "2004.??.??"]

1. d4 Nf6 2. c4 g6 3. g3 c6 4. Bg2 d5 5. cxd5 cxd5 6. Nc3 Bg7 7. Nf3 O-O 8. O-O
e6 9. Bf4 Nc6 10. Rc1 Nh5 11. Be3 f5 12. Qd2 Nf6 13. Bg5 Qd7 14. Bxf6 Bxf6 15.
e3 b6 16. Rfd1 Ba6 17. Ne1 Rac8 18. Bf1 Bxf1 19. Kxf1 Na5 20. b3 Be7 21. Nb1
Nc6 22. Nd3 Bd6 23. f4 Qb7 24. Kf2 Rcd8 25. Rc2 Nb8 26. Qe2 Nd7 27. Rdc1 Nf6
28. Nd2 Rc8 29. h3 Ba3 30. Rxc8 Rxc8 31. Rxc8+ Qxc8 32. Nb1 Ne4+ 33. Kg2 Bd6
34. Qd1 g5 35. Qc1 Qe8 36. Ne5 Bxe5 37. fxe5 g4 38. h4 Qb5 39. Qd1 Kg7 40. Qe1
Qd3 0-1

[Event "21. Intern. Travemünder Schach-Open"]
[Site "?"]
[Date "2004.12.28"]
[Round "3"]
[White "Schröter, Baldur"]
[Black "Schoepe, Jan"]
[Result "1-0"]
[WhiteElo "1893"]
[BlackElo "2330"]
[PlyCount "97"]
[EventDate "2004.??.??"]

1. e4 c5 2. c3 Nf6 3. e5 Nd5 4. d4 cxd4 5. cxd4 e6 6. a3 b6 7. Nf3 Be7 8. Bd3
Ba6 9. O-O O-O 10. Re1 Bxd3 11. Qxd3 Nc6 12. Nc3 Nxc3 13. bxc3 d6 14. Qe4 Rc8
15. Qg4 Re8 16. Bh6 g6 17. d5 Nxe5 18. Nxe5 dxe5 19. dxe6 f5 20. Qa4 Qc7 21.
Red1 Bd6 22. Qd7 Bf8 23. Bg5 Be7 24. Qxc7 Rxc7 25. Rd7 Rxd7 26. exd7 Rd8 27.
Bxe7 Rxd7 28. Bf6 Rd5 29. Re1 e4 30. Bd4 Ra5 31. Ra1 Kf7 32. Kf1 Ke6 33. Ke2
Kd5 34. Kd2 Kc4 35. Kc2 f4 36. Re1 Kd5 37. g3 f3 38. h4 Rxa3 39. Rb1 Ra5 40.
Rd1 Kc4 41. Rb1 Kd5 42. Rb4 b5 43. Kb2 a6 44. Bb6 Ra4 45. Rxa4 bxa4 46. Ka3 Kc6
47. Be3 Kb5 48. c4+ Kxc4 49. Kxa4 1-0

[Event "21. Intern. Travemünder Schach-Open"]
[Site "?"]
[Date "2004.12.28"]
[Round "3"]
[White "Stimpel, Franz"]
[Black "Schulenburg, Fabian"]
[Result "1-0"]
[WhiteElo "2320"]
[BlackElo "2042"]
[PlyCount "91"]
[EventDate "2004.??.??"]

1. d4 Nf6 2. c4 e6 3. Nc3 Bb4 4. Qc2 b6 5. a3 Bxc3+ 6. Qxc3 Bb7 7. Bg5 h6 8.
Bh4 d6 9. f3 Nbd7 10. e4 e5 11. Bf2 c5 12. d5 Qe7 13. Bd3 O-O 14. Ne2 g6 15.
Qd2 Kg7 16. g4 Rh8 17. O-O-O h5 18. Rdg1 a6 19. Kb1 Bc8 20. h3 Rb8 21. a4 Nf8
22. Ng3 h4 23. Ne2 Bd7 24. Nc3 Ne8 25. Be3 Nc7 26. f4 b5 27. fxe5 Qxe5 28. Bf4
Qe7 29. Qh2 Ne8 30. e5 bxa4 31. exd6 Qd8 32. g5 a3 33. Rg2 Kg8 34. Be5 Rh5 35.
Qf4 axb2 36. Ne4 Qa5 37. Rxb2 Rxb2+ 38. Bxb2 Bf5 39. Nf2 Bxd3+ 40. Nxd3 Qd8 41.
Nxc5 Qxd6 42. Qd4 Qg3 43. Ne4 Qf3 44. Rg1 Rh7 45. Qe5 Qd3+ 46. Ka1 1-0

[Event "21. Intern. Travemünder Schach-Open"]
[Site "?"]
[Date "2004.12.28"]
[Round "3"]
[White "Strache, Michael"]
[Black "Wichmann, Daniel"]
[Result "1/2-1/2"]
[WhiteElo "2037"]
[BlackElo "2255"]
[PlyCount "108"]
[EventDate "2004.??.??"]

1. e4 d5 2. d4 dxe4 3. Nc3 e5 4. dxe5 Qxd1+ 5. Nxd1 Nc6 6. Nc3 Bb4 7. Bd2 Nxe5
8. Nxe4 Bxd2+ 9. Nxd2 Bd7 10. Ngf3 Nxf3+ 11. Nxf3 O-O-O 12. O-O-O Nh6 13. Ne5
Be6 14. Bc4 Bxc4 15. Rxd8+ Rxd8 16. Nxc4 Rd4 17. Ne3 Ng4 18. Nxg4 Rxg4 19. g3
Rg6 20. Rd1 Rf6 21. f4 h5 22. Rd5 h4 23. Rg5 hxg3 24. hxg3 g6 25. Rd5 Ra6 26.
a3 Re6 27. f5 Rf6 28. fxg6 Rxg6 29. Rd3 Rf6 30. Kd2 Rf2+ 31. Kc3 b6 32. b3 c6
33. Re3 Kd7 34. a4 a5 35. Kd3 Kd6 36. c4 Rf5 37. Kd4 Rg5 38. Kd3 Kc5 39. Kc3
Kd6 40. Kd4 Rg4+ 41. Kd3 Kc5 42. Kc3 Rg5 43. Rf3 Re5 44. g4 Re4 45. g5 Rg4 46.
Rf5+ Kd6 47. Rxf7 Rg3+ 48. Kc2 Kc5 49. Rb7 Rxg5 50. Kc3 Rg8 51. Kb2 Rg3 52. Rb8
Rg5 53. Kc3 Kd6 54. Rd8+ Kc5 1/2-1/2

[Event "21. Intern. Travemünder Schach-Open"]
[Site "?"]
[Date "2004.12.28"]
[Round "3"]
[White "Syperek, Sebastian"]
[Black "Hentzgen, Thomas"]
[Result "1-0"]
[WhiteElo "2249"]
[BlackElo "2022"]
[PlyCount "69"]
[EventDate "2004.??.??"]

1. d4 Nf6 2. Nf3 g6 3. c4 Bg7 4. Nc3 O-O 5. Bg5 d6 6. e4 Nbd7 7. Be2 c6 8. O-O
h6 9. Bh4 e5 10. d5 Qe7 11. Nd2 g5 12. Bg3 Rd8 13. b4 Nf8 14. Qb3 Ng6 15. Rfd1
Nf4 16. Bf1 N6h5 17. Rac1 Bd7 18. c5 cxd5 19. cxd6 Qxd6 20. exd5 f5 21. Nc4 Qf6
22. Na5 b6 23. Nc6 Re8 24. Nb5 e4 25. Bxf4 gxf4 26. Nc7 f3 27. gxf3 Kh8 28.
Nxa8 Qh4 29. fxe4 fxe4 30. Qe3 Rxa8 31. Re1 Rg8 32. Kh1 Bg4 33. Qxe4 Qxf2 34.
Qxg4 Bd4 35. Qxd4+ 1-0

[Event "21. Intern. Travemünder Schach-Open"]
[Site "?"]
[Date "2004.12.28"]
[Round "3"]
[White "Krueger, Alexander"]
[Black "Frodl, Michael"]
[Result "0-1"]
[WhiteElo "2033"]
[BlackElo "2240"]
[PlyCount "60"]
[EventDate "2004.??.??"]

1. e4 c5 2. Nf3 Nc6 3. d4 cxd4 4. Nxd4 Nf6 5. Nc3 e5 6. Ndb5 d6 7. Nd5 Nxd5 8.
exd5 Nb8 9. c3 Be7 10. Bd3 O-O 11. a4 f5 12. O-O Nd7 13. b4 a6 14. Na3 e4 15.
Bb1 Bf6 16. Bb2 Ne5 17. Qb3 Nf3+ 18. gxf3 Be5 19. f4 Bxf4 20. c4 Qg5+ 21. Kh1
Qh4 22. h3 e3 23. Kg2 g5 24. Qc3 Be5 25. Qxe3 f4 26. Qf3 Bxh3+ 27. Kg1 Bxb2 28.
Ra2 Bxa3 29. Re1 Rae8 30. Bxh7+ Qxh7 0-1

[Event "21. Intern. Travemünder Schach-Open"]
[Site "?"]
[Date "2004.12.28"]
[Round "3"]
[White "Dunsbach (FM), Ralf"]
[Black "Anders, Sönke"]
[Result "1/2-1/2"]
[WhiteElo "2239"]
[BlackElo "1995"]
[PlyCount "46"]
[EventDate "2004.??.??"]

1. Nf3 Nf6 2. c4 g6 3. g3 Bg7 4. Bg2 O-O 5. O-O d6 6. d4 Nbd7 7. b3 c6 8. Nc3
e5 9. Qc2 Re8 10. Rd1 Qa5 11. e4 Nf8 12. d5 cxd5 13. Nxd5 Nxd5 14. Rxd5 Qa6 15.
Bb2 Ne6 16. Rdd1 Rd8 17. a4 Qb6 18. a5 Qc7 19. Ba3 b5 20. axb6 axb6 21. Bb4 Bb7
22. Rxa8 Bxa8 23. Qe2 Nc5 1/2-1/2

[Event "21. Intern. Travemünder Schach-Open"]
[Site "?"]
[Date "2004.12.28"]
[Round "3"]
[White "Marxen, Peter"]
[Black "Patzer, Stefan"]
[Result "1/2-1/2"]
[WhiteElo "2212"]
[BlackElo "1984"]
[PlyCount "117"]
[EventDate "2004.??.??"]

1. e4 e5 2. Nf3 f5 3. Nxe5 Qf6 4. Nc4 fxe4 5. Nc3 Qf7 6. Ne3 Nf6 7. Bc4 Qg6 8.
d3 Bb4 9. O-O Bxc3 10. bxc3 b5 11. Bxb5 c6 12. Ba4 O-O 13. Ba3 Re8 14. d4 d5
15. Re1 Ng4 16. Qd2 a5 17. Nxg4 Bxg4 18. Qf4 Bh3 19. Qg3 Qxg3 20. hxg3 Bf5 21.
Rab1 Ra6 22. Rb7 Rc8 23. Reb1 Nd7 24. Bd6 g6 25. Rc7 Rxc7 26. Bxc7 Kf7 27. Rb7
Ke6 28. Bd8 Kd6 29. Bc7+ Ke6 30. Kf1 h5 31. Ke1 Bg4 32. Kd2 Bf5 33. Bf4 Nb6 34.
Bb3 a4 35. Rxb6 Rxb6 36. Bxa4 Ra6 37. Bb3 Kd7 38. Bg5 Ra8 39. Ke3 Rf8 40. c4
Be6 41. cxd5 cxd5 42. Bf4 Kc6 43. Be5 Kb6 44. Bd6 Rf5 45. Ba4 g5 46. Be7 Kc7
47. Be8 Bf7 48. Bb5 Be6 49. Be2 g4 50. a4 Bd7 51. a5 Ba4 52. c3 Bc2 53. Bb5 Rf7
54. Bc5 Bd3 55. Be8 Rh7 56. Bg6 Rh6 57. Bf7 Bc4 58. Be8 Rh8 59. Bf7 1/2-1/2

[Event "21. Intern. Travemünder Schach-Open"]
[Site "?"]
[Date "2004.12.28"]
[Round "3"]
[White "Bohnstorff, Michael"]
[Black "Chin, Karin"]
[Result "0-1"]
[WhiteElo "2205"]
[BlackElo "1938"]
[PlyCount "70"]
[EventDate "2004.??.??"]

1. d4 Nf6 2. Nf3 g6 3. Bf4 Bg7 4. c3 d6 5. h3 O-O 6. e3 Nbd7 7. Nbd2 Re8 8. Qb3
e5 9. Bg3 h6 10. Bc4 Qe7 11. O-O-O e4 12. Ng1 c6 13. Qa3 Bf8 14. Ne2 b5 15. Bb3
a5 16. Nf4 Kg7 17. Bc2 Nb6 18. b3 b4 19. cxb4 axb4 20. Qb2 d5 21. Rde1 Ra3 22.
Bb1 Ba6 23. Bc2 Ra8 24. Bb1 g5 25. Ne2 Bd3 26. Be5 Qa7 27. Ng3 Bxb1 28. Qxb1
Rxa2 29. Nh5+ Kg6 30. Nxf6 Ra1 31. h4 Rxb1+ 32. Nxb1 Qa1 33. g4 gxh4 34. Rxh4
Ra2 35. f4 Qb2+ 0-1

[Event "21. Intern. Travemünder Schach-Open"]
[Site "?"]
[Date "2004.12.28"]
[Round "3"]
[White "Kolthoff, Siegmund"]
[Black "Harder, Clemens"]
[Result "1-0"]
[WhiteElo "2186"]
[BlackElo "1909"]
[PlyCount "95"]
[EventDate "2004.??.??"]

1. d4 d5 2. Nf3 Nf6 3. c4 c6 4. Nc3 e6 5. e3 Nbd7 6. Bd3 Be7 7. O-O O-O 8. b3
Qc7 9. Bb2 dxc4 10. bxc4 e5 11. Qc2 exd4 12. exd4 Rd8 13. a4 Nf8 14. h3 Ne6 15.
Ne2 Nf4 16. Nxf4 Qxf4 17. Bc1 Qc7 18. Be3 h6 19. Rfb1 Bd6 20. a5 Bf4 21. Re1
Bd6 22. Bd2 Be6 23. Rab1 Rab8 24. Bc3 Be7 25. Ne5 Bd6 26. Qe2 Re8 27. Qf3 Bf8
28. a6 Rec8 29. axb7 Rxb7 30. Bd2 Ne8 31. Rxb7 Qxb7 32. Be4 Qb2 33. Bc3 Qa2 34.
Ra1 Qb3 35. Rxa7 Bxc4 36. Bxc6 Nf6 37. Rb7 Qa2 38. Nxc4 Qxc4 39. d5 Bd6 40. g3
Qc5 41. Bxf6 gxf6 42. Qxf6 Qc1+ 43. Kg2 Bc7 44. Rxc7 Rxc7 45. Qd8+ Kg7 46. Qxc7
Qc2 47. Qe5+ f6 48. Qe7+ 1-0

[Event "21. Intern. Travemünder Schach-Open"]
[Site "?"]
[Date "2004.12.28"]
[Round "3"]
[White "Müller, Jan-Hendrik"]
[Black "Schmezko, Stefan"]
[Result "1/2-1/2"]
[WhiteElo "1899"]
[BlackElo "2185"]
[PlyCount "71"]
[EventDate "2004.??.??"]

1. e4 e5 2. Nf3 Nc6 3. Bc4 Nf6 4. d3 Be7 5. Nc3 O-O 6. h3 d6 7. d4 exd4 8. Nxd4
Ne5 9. Bb3 c5 10. Nf3 Ng6 11. O-O Bd7 12. Re1 Bc6 13. Nd5 Nxd5 14. Bxd5 Bf6 15.
Rb1 h6 16. c4 Re8 17. Bd2 Bxd5 18. exd5 Qd7 19. Qc2 Ne5 20. Nxe5 Bxe5 21. b4 b6
22. bxc5 bxc5 23. Rb5 Rab8 24. Reb1 Rxb5 25. Rxb5 Bd4 26. Bc3 Bxc3 27. Qxc3 Qf5
28. Rb2 Qf4 29. Rc2 Re4 30. g3 Qf5 31. Kg2 Rd4 32. Rc1 Rd3 33. Qc2 Qf3+ 34. Kg1
h5 35. Re1 g6 36. Qb2 1/2-1/2

[Event "21. Intern. Travemünder Schach-Open"]
[Site "?"]
[Date "2004.12.28"]
[Round "3"]
[White "Cremer, Jochen"]
[Black "Dettmann, Steffen"]
[Result "1-0"]
[WhiteElo "2183"]
[BlackElo "2048"]
[PlyCount "49"]
[EventDate "2004.??.??"]

1. d4 g6 2. Nf3 Bg7 3. c4 Nf6 4. Nc3 d5 5. Qa4+ Bd7 6. Qb3 dxc4 7. Qxc4 O-O 8.
e4 Nc6 9. Be2 b5 10. Nxb5 Rb8 11. Nc3 Nb4 12. O-O Bc8 13. Bf4 Ne8 14. Nb5 Nd6
15. Qxb4 a6 16. Ne5 Bxe5 17. dxe5 Ne8 18. Rad1 Bd7 19. Qd4 Bxb5 20. Qxd8 Rxd8
21. Rxd8 Bxe2 22. Re1 Bb5 23. Bh6 Ng7 24. Rxf8+ Kxf8 25. Rc1 1-0

[Event "21. Intern. Travemünder Schach-Open"]
[Site "?"]
[Date "2004.12.28"]
[Round "3"]
[White "Masio, Andreas"]
[Black "Blaka, Idriz"]
[Result "0-1"]
[WhiteElo "2177"]
[BlackElo "1899"]
[PlyCount "120"]
[EventDate "2004.??.??"]

1. e4 e6 2. d3 d5 3. Nd2 dxe4 4. dxe4 Bc5 5. Ngf3 Nf6 6. Bd3 g5 7. Nb3 Be7 8.
Bxg5 Nbd7 9. Qd2 b6 10. O-O-O Bb7 11. Rhe1 a5 12. Nbd4 c6 13. Bc4 Nc5 14. Qf4
Nfd7 15. Nf5 Bxg5 16. Nd6+ Kf8 17. Nxg5 Qf6 18. Qh4 h6 19. Nxb7 hxg5 20. Qg3
Qf4+ 21. Qxf4 gxf4 22. Nxc5 Nxc5 23. h3 Rg8 24. Bf1 Ke7 25. f3 e5 26. Rd2 Rad8
27. Red1 Rxd2 28. Rxd2 Rd8 29. b3 Rxd2 30. Kxd2 b5 31. c3 Ne6 32. a3 Nc5 33.
Kc2 Kf6 34. b4 axb4 35. axb4 Nb7 36. c4 bxc4 37. Bxc4 Nd6 38. Kb3 Kg5 39. Bf1
Kh4 40. Ka4 Kg3 41. Ka5 Kf2 42. h4 Kxf1 43. h5 Ne8 44. h6 Nf6 45. Kb6 Kxg2 46.
Kxc6 Kxf3 47. b5 Kxe4 48. b6 f3 49. b7 f2 50. b8=Q f1=Q 51. Qb4+ Kf5 52. Qb3
Qa6+ 53. Kc7 Qa7+ 54. Kc8 Qd7+ 55. Kb8 Qe6 56. Qg3 Qe8+ 57. Kb7 Qh8 58. Qf3+
Kg6 59. Qg3+ Kxh6 60. Qxe5 Qd8 0-1

[Event "21. Intern. Travemünder Schach-Open"]
[Site "?"]
[Date "2004.12.28"]
[Round "3"]
[White "Dümmke, Jürgen"]
[Black "Zimmermann, Julian"]
[Result "0-1"]
[WhiteElo "2136"]
[BlackElo "2321"]
[PlyCount "50"]
[EventDate "2004.??.??"]

1. e4 c5 2. Nf3 d6 3. Bb5+ Bd7 4. Bxd7+ Qxd7 5. O-O Nc6 6. d4 cxd4 7. Nxd4 g6
8. Be3 Bg7 9. Nc3 Nf6 10. f3 O-O 11. Nb3 Ne5 12. Qe2 Rfc8 13. Rad1 Nc4 14. Nc5
Rxc5 15. Bxc5 Nxb2 16. Rb1 dxc5 17. Rxb2 Qd4+ 18. Kh1 Qxc3 19. Rxb7 e6 20. Rd1
Qa5 21. Qc4 a6 22. g4 Bh6 23. Qb3 Bf4 24. Qb2 Rd8 25. Ra1 Rd2 0-1

[Event "21. Intern. Travemünder Schach-Open"]
[Site "?"]
[Date "2004.12.28"]
[Round "3"]
[White "Graudons, Karsten"]
[Black "FM Voigt, Martin"]
[Result "1/2-1/2"]
[WhiteElo "2135"]
[BlackElo "2301"]
[PlyCount "91"]
[EventDate "2004.??.??"]

1. Nf3 d5 2. g3 Nf6 3. Bg2 e6 4. O-O Be7 5. c3 c5 6. d3 Nc6 7. a3 a5 8. a4 d4
9. Na3 O-O 10. e4 dxe3 11. Bxe3 Nd5 12. Nc4 Nxe3 13. Nxe3 Qc7 14. Qc2 Bd7 15.
Rfe1 Rfd8 16. Nc4 Bf6 17. Nfd2 Be8 18. Ne4 Be7 19. f4 Bf8 20. Na3 Ne7 21. Nc4
Nd5 22. Qe2 Rab8 23. Ne5 Bd6 24. Nxd6 Rxd6 25. Nc4 Rdd8 26. f5 Bd7 27. Ne5 Re8
28. Qh5 Bc6 29. Ng4 exf5 30. Qxf5 Qd6 31. Ne5 Re7 32. Nc4 Qd8 33. Bxd5 Rxe1+
34. Rxe1 Bxd5 35. Nxa5 Ra8 36. Re5 Be6 37. Nxb7 Qb6 38. Qf3 Rxa4 39. Nxc5 Ra1+
40. Kf2 Qxb2+ 41. Re2 Qc1 42. Qg2 Qxc3 43. Nxe6 fxe6 44. Qe4 Qf6+ 45. Qf4 Qxf4+
46. gxf4 1/2-1/2

[Event "21. Intern. Travemünder Schach-Open"]
[Site "?"]
[Date "2004.12.28"]
[Round "3"]
[White "Knuth, Hannes"]
[Black "Lau, Jürgen"]
[Result "0-1"]
[WhiteElo "2299"]
[BlackElo "2127"]
[PlyCount "66"]
[EventDate "2004.??.??"]

1. d4 Nf6 2. c4 c5 3. d5 b5 4. cxb5 a6 5. e3 axb5 6. Bxb5 Qa5+ 7. Nc3 Bb7 8.
Bc4 e6 9. Bd2 Qb6 10. Nge2 exd5 11. Bb3 Bd6 12. Ng3 d4 13. exd4 cxd4 14. Na4
Qc6 15. f3 O-O 16. O-O Qb5 17. Ne2 Bc6 18. Nxd4 Qe5 19. Nxc6 Qxh2+ 20. Kf2 Qh4+
21. Ke2 Re8+ 22. Kd3 Nxc6 23. g4 h5 24. Rc1 hxg4 25. Rxc6 Qh7+ 26. Kc3 dxc6 27.
Bc2 Nd5+ 28. Kd4 Qh2 29. Kc4 Qe5 30. b4 Ne3+ 31. Bxe3 Qb5+ 32. Kd4 Be5+ 33. Ke4
Bc7+ 0-1

[Event "21. Intern. Travemünder Schach-Open"]
[Site "?"]
[Date "2004.12.28"]
[Round "3"]
[White "Boennelykke, Ole"]
[Black "IM Glienke, Manfred"]
[Result "0-1"]
[WhiteElo "2125"]
[BlackElo "2295"]
[PlyCount "94"]
[EventDate "2004.??.??"]

1. e4 e5 2. Nf3 d6 3. d4 Nf6 4. dxe5 Nxe4 5. Bd3 Nc5 6. O-O Nxd3 7. Qxd3 Be7 8.
Bf4 dxe5 9. Qb5+ c6 10. Qxe5 O-O 11. Nc3 Bf6 12. Qh5 g6 13. Qh6 Bg7 14. Qg5
Qxg5 15. Nxg5 Bf5 16. Rac1 Re8 17. Nd1 h6 18. Nf3 g5 19. Ne3 Bg6 20. Bxb8 Raxb8
21. c3 Rbd8 22. Rcd1 Be4 23. Rxd8 Rxd8 24. Rd1 Rxd1+ 25. Nxd1 c5 26. Ne3 Kf8
27. Nd2 Bd3 28. Ndc4 Ke7 29. f3 b5 30. Nd2 Ke6 31. Kf2 f5 32. Ke1 Be5 33. g3
Bd6 34. Nd1 h5 35. Nf2 Bc2 36. Ke2 c4 37. Nf1 f4 38. Ne4 Bxe4 39. fxe4 fxg3 40.
hxg3 Ke5 41. Nd2 Bc5 42. Kf3 g4+ 43. Kg2 Be7 44. Kf2 Bg5 45. Nb1 Kxe4 46. Na3
a6 47. b3 Be7 0-1

[Event "21. Intern. Travemünder Schach-Open"]
[Site "?"]
[Date "2004.12.29"]
[Round "4"]
[White "Pogorelov (GM), Ruslan"]
[Black "Jobava (GM), Baadur"]
[Result "0-1"]
[WhiteElo "2421"]
[BlackElo "2615"]
[PlyCount "114"]
[EventDate "2004.??.??"]

1. d4 Nf6 2. c4 g6 3. Nc3 Bg7 4. e4 d6 5. Be2 O-O 6. Nf3 e5 7. O-O Na6 8. Be3
Ng4 9. Bg5 Qe8 10. dxe5 dxe5 11. h3 h6 12. Bd2 Nf6 13. Be3 b6 14. a3 Bb7 15.
Qc2 Nh5 16. Rfe1 Nf4 17. Bf1 Ne6 18. Rad1 c6 19. b4 Qe7 20. Qa4 Nac7 21. Rd2
Rfd8 22. Red1 Rxd2 23. Rxd2 f5 24. Qd1 Bc8 25. Rd6 Ne8 26. Rxc6 Bd7 27. Nd5 Qd8
28. b5 Bxc6 29. bxc6 Rc8 30. Qa4 f4 31. Bd2 a5 32. Bc3 Nc5 33. Qc2 Rxc6 34.
Bxe5 Bxe5 35. Nxe5 Re6 36. Nd3 Nxd3 37. Bxd3 Qd6 38. Qb3 Kf8 39. c5 Qxc5 40.
Nxf4 Qc1+ 41. Bf1 Rxe4 42. Nxg6+ Kg7 43. Qd3 Nf6 44. g3 Qg5 45. Qc3 Qxg6 46.
Bd3 Re1+ 47. Qxe1 Qxd3 48. Qe7+ Kg6 49. Qe6 b5 50. h4 Qb1+ 51. Kh2 Qf5 52. Qb6
Qxf2+ 53. Qxf2 Ng4+ 54. Kg2 Nxf2 55. Kxf2 a4 56. Ke3 b4 57. Kd3 bxa3 0-1

[Event "21. Intern. Travemünder Schach-Open"]
[Site "?"]
[Date "2004.12.28"]
[Round "4"]
[White "Miroshnichenko (GM), Evge"]
[Black "Boe (FM), Mads"]
[Result "1-0"]
[WhiteElo "2615"]
[BlackElo "2376"]
[PlyCount "79"]
[EventDate "2004.??.??"]

1. e4 c6 2. d4 d5 3. Nd2 dxe4 4. Nxe4 Nf6 5. Nxf6+ gxf6 6. Be3 Bf5 7. Ne2 Nd7
8. c4 e6 9. Nc3 Qc7 10. Be2 Rd8 11. O-O Bg6 12. Qe1 Bg7 13. Rd1 a6 14. b4 f5
15. Qd2 Nf6 16. Bh6 O-O 17. Bxg7 Kxg7 18. Qb2 Kg8 19. Rfe1 Rd6 20. c5 Rd7 21.
Na4 Rfd8 22. Nb6 Re7 23. Bf3 Ne8 24. Qe2 Kf8 25. a4 Nf6 26. Qb2 Nd5 27. Nc4
Red7 28. Bxd5 cxd5 29. Ne5 Re7 30. Qd2 Kg7 31. b5 axb5 32. axb5 Ra8 33. b6 Qc8
34. Qb4 Qe8 35. Ra1 Rxa1 36. Rxa1 f6 37. Nxg6 hxg6 38. c6 Kf7 39. c7 Qc6 40.
Qc5 1-0